Statistics for AC Monza Squad 2022-2023

Click here to take the quiz!

General Stats

  • This quiz has been taken 63 times
  • The average score is 19 of 38

Answer Stats

#PositionNationPlayer% Correct
16GKItalyMichele Di Gregorio
91%
32MFItalyMatteo Pessina
89%
3DFSpainPablo Marí
89%
84FWItalyPatrick Ciurria
85%
89GKItalyAlessio Cragno
81%
37FWItalyAndrea Petagna
81%
30DFBrazilCarlos Augusto
77%
47FWPortugalDany Mota
72%
17FWItalyGianluca Caprari
72%
55DFItalyArmando Izzo
70%
5DFItalyLuca Caldirola
70%
-CoachItalyRaffaele Palladino
68%
12MFItalyStefano Sensi
68%
7MFEquatorial GuineaJosé Machín
62%
4DFBrazilMarlon Santos
60%
9FWDenmarkChristian Gytkjær
57%
28MFItalyAndrea Colpani
53%
6MFItalyNicolò Rovella
53%
44DFItalyAndrea Carboni
51%
11DFArgentinaFranco Carboni
51%
19DFItalySamuele Birindelli
51%
22MFItalyFilippo Ranocchia
47%
-CoachItalyGiovanni Stroppa
38%
2DFItalyGiulio Donati
36%
10MFItalyMattia Valoti
36%
26DFBulgariaValentin Antov
36%
29DFItalyGabriel Paletta
30%
77FWItalyMarco D'Alessandro
26%
80MFItalySamuele Vignato
26%
38MFFranceWarren Bondo
26%
1GKItalyEugenio Lamanna
23%
8MFItalyAndrea Barberis
19%
91GKItalyAlessandro Sorrentino
17%
24FWCroatiaMirko Marić
17%
34DFItalyLuca Marrone
13%
79MFItalySalvatore Molina
11%
25DFItalyGabriele Ferrarini
9%
20MFGreeceAntonis Siatounis
6%

Score Distribution

Percentile by Number Answered

Percent of People with Each Score

Your Score History

You have not taken this quiz